000 00593nam a2200181 a 4500
001 000040050
005 20201002033904.0
008 130805s1985 sp 000 0 spa d
020 _a8401803225
040 _aDO-SdBNP
_bspa
_cBNPHU
100 1 _aBuscaglia, Leo F.
_950705
240 1 0 _aLoving each other
_lEspañol
245 1 0 _aAmandonos los unos a los otros /
_cLeo F. Buscaglia ; traducción Ana M. de la Fuente.
260 _aBarcelona :
_bPlaza & Janes Editores,
_c1985.
300 _a188 p. ;
_c22 cm.
590 _aInventariado, 2019/VM
700 1 _aFuente, Ana M. de la,
_etrad.
_913413
999 _c39540
_d39540